{"text_format":"3","workbook":"xlsx","n_sheets":1,"sheets":["TDSheet"],"not_rendered":{"defined_names":1},"read":"whole","date_system":"1900"}

{"sheet":"TDSheet","index":0,"n_rows":48,"n_cols":87,"rows_kept":48,"merged":[[1,4,1,5],[1,7,1,9],[2,4,2,5],[2,7,2,9],[8,10,8,11],[10,4,10,7],[11,0,11,2],[11,3,11,9],[12,0,12,3],[12,4,12,9],[13,0,13,3],[13,4,13,9],[15,0,15,4],[15,5,16,6],[15,7,16,7],[15,8,16,8],[15,9,16,9],[16,0,16,2],[16,3,16,4],[17,0,17,2],[17,3,17,4],[17,5,17,6],[18,0,18,2],[18,5,18,6],[21,0,21,3],[21,4,25,4],[21,5,21,16],[21,17,22,18],[22,0,25,2],[22,3,25,3],[22,5,23,7],[22,8,23,8],[22,9,23,14],[22,15,23,16],[23,17,23,18],[24,5,25,5],[24,6,25,6],[24,7,25,7],[24,8,25,8],[24,9,25,9],[24,10,25,10],[24,11,25,11],[24,12,25,12],[24,13,25,13],[24,14,25,14],[24,15,25,15],[24,16,25,16],[24,17,25,17],[24,18,25,18],[24,19,25,19],[26,0,26,2],[27,0,27,2],[28,0,28,2],[29,0,29,2],[30,0,30,2],[31,0,31,2],[32,0,32,2],[33,0,33,2],[34,0,34,2],[35,0,35,2],[36,0,36,2],[37,0,37,2],[38,0,38,2],[39,0,39,2],[40,0,40,2],[41,0,41,2],[41,25,41,26],[41,31,41,34],[41,35,41,40],[41,41,41,45],[41,59,41,64],[41,65,41,70],[41,71,41,74],[41,75,41,78],[41,79,41,80],[42,0,42,2],[42,25,42,26],[42,31,42,34],[42,35,42,40],[42,41,42,45],[42,59,42,64],[42,65,42,70],[42,71,42,74],[42,75,42,78],[42,79,42,80],[43,0,43,2],[43,25,43,26],[43,31,43,34],[43,35,43,40],[43,41,43,45],[43,59,43,64],[43,65,43,70],[43,71,43,74],[43,75,43,78],[43,79,43,80],[44,0,44,2]]}
["Утверждаю"]
["Руководитель учреждения",{"$nulls":6},"Исимова Б.А."]
[]
[]
["\"_______\" ____________________ 20      г."]
[]
[{"$nulls":17},"Форма по ОКУД 0504202"]
[{"$nulls":9},"МЕНЮ-ТРЕБОВАНИЕ НА ВЫДАЧУ ПРОДУКТОВ ПИТАНИЯ"]
[{"$nulls":10},"2021-11-12"]
[]
[]
["Учреждение"]
["Структурное подразделение"]
["Материально ответственное лицо"]
[]
["Коды категорий довольствующихся (группы)",{"$nulls":4},"Плановая стоимость одного дня, руб",null,"Количество довольствующихся по плановой стоимости одного дня","Плановая стоимость на всех довольствующихся, руб","Фактическая стоимость, руб"]
["суммарных категорий"]
[1,{"$nulls":4},3]
["горячее питание",{"$nulls":4},64.27,null,28,{"$f":"SUM(F19*H19)","v":1799.56},{"$f":"SUM(T45)","v":2217.74}]
[{"$nulls":6},"Всего",{"$nulls":3}," "]
[]
["Продукты питания",{"$nulls":3},"Единица измерения","Количество продуктов питания, подлежащих закладке ",{"$nulls":11},"Расход продуктов питания (количество)"]
["наименование",null,null,"Цена",null,"Завтрак ",null,null,"Второй завтрак","Обед",{"$nulls":5},"Полдник"]
[{"$nulls":17},"операция"]
[{"$nulls":5},"суп-лапша на курином бульоне","чай с молоком","хлеб с маслом  с сыром","яблоко",{"$nulls":8},"на одного ребенка","на всех детей ","Сумма"]
[]
[1,null,null,2,3,null,5,6,7,{"$nulls":8},17,18,19]
["Количество порций"]
["Выход - вес порции"]
["курица",null,null,{"v":160,"d":"160.00"},"кг",{"v":0.08,"d":"0.080"},{"$nulls":11},{"$f":"SUM(F30:Q30)","v":{"v":0.08,"d":"0.080"}},{"$f":"SUM(R30*H19)","v":{"v":2.24,"d":"2.240"}},{"$f":"S30*D30","v":{"v":358.40000000000003,"d":"358.40"}}]
["Молоко ",null,null,{"v":68,"d":"68.00"},"л",null,{"v":0.1,"d":"0.100"},{"$nulls":10},{"v":0.1,"d":"0.100"},{"$f":"R31*H$19","v":{"v":2.8000000000000003,"d":"2.800"}},{"v":190.4,"d":"190.40"}]
["масло сливочное",null,null,{"v":610,"d":"610.00"},"кг",{"v":2E-3,"d":"0.002"},null,{"v":0.01,"d":"0.010"},{"$nulls":9},0.012,0.336,204.96]
["сахар",null,null,{"v":68,"d":"68.00"},"кг",null,{"v":0.01,"d":"0.010"},{"$nulls":10},{"v":0.01,"d":"0.010"},{"v":0.28,"d":"0.280"},{"v":19.040000000000003,"d":"19.04"}]
["чай",null,null,{"v":600,"d":"600.00"},"кг",null,{"v":1E-3,"d":"0.001"},{"$nulls":10},{"v":1E-3,"d":"0.001"},0.028,{"v":16.8,"d":"16.80"}]
["хлеб пшеничный ",null,null,{"v":49,"d":"49.00"},"кг",null,null,{"v":0.08,"d":"0.080"},{"$nulls":9},{"v":0.08,"d":"0.080"},{"v":2.24,"d":"2.240"},109.76]
["сыр",null,null,{"v":550,"d":"550.00"},"кг",null,null,{"v":0.01,"d":"0.010"},{"$nulls":9},{"v":0.01,"d":"0.010"},{"v":0.28,"d":"0.280"},{"v":154.00000000000003,"d":"154.00"}]
["яблоко",null,null,{"v":160,"d":"160.00"},"кг",{"$nulls":3},{"v":0.2,"d":"0.200"},{"$nulls":8},{"v":0.2,"d":"0.200"},{"v":5.6000000000000005,"d":"5.600"},{"v":896.0000000000001,"d":"896.00"}]
["мука",null,null,{"v":40,"d":"40.00"},"кг",{"v":0.02,"d":"0.020"},{"$nulls":11},{"v":0.02,"d":"0.020"},{"v":0.56,"d":"0.560"},{"v":22.400000000000002,"d":"22.40"}]
["картофель",null,null,{"v":50,"d":"50.00"},"кг",{"v":0.1,"d":"0.100"},{"$nulls":11},{"v":0.1,"d":"0.100"},{"v":2.8,"d":"2.800"},{"v":140,"d":"140.00"}]
["томат",null,null,{"v":230,"d":"230.00"},"кг",0.005,{"$nulls":11},0.005,{"$f":"R40*H$19","v":{"v":0.14,"d":"0.140"}},{"v":32.2,"d":"32.20"}]
["лук",null,null,{"v":45,"d":"45.00"},"кг",{"v":0.01,"d":"0.010"},{"$nulls":11},{"v":0.01,"d":"0.010"},{"$f":"R41*H$19","v":{"v":0.28,"d":"0.280"}},{"v":12.600000000000001,"d":"12.60"}]
["соль",null,null,{"v":12,"d":"12.00"},"кг",0.005,{"$nulls":11},{"$f":"SUM(F42:Q42)","v":0.005},{"$f":"R42*H$19","v":{"v":0.14,"d":"0.140"}},{"v":1.6800000000000002,"d":"1.68"},{"$nulls":65},{"$f":"SUM(AI42:CG42)","v":{"v":0,"d":"0.000"}},{"$f":"SUM(Z42*CH42)","v":{"v":0,"d":"0.00"}}]
["морковь",null,null,{"v":60,"d":"60.00"},"кг",{"v":0.02,"d":"0.020"},{"$nulls":11},{"$f":"SUM(F43:Q43)","v":{"v":0.02,"d":"0.020"}},{"$f":"R43*H$19","v":{"v":0.56,"d":"0.560"}},{"v":33.6,"d":"33.60"},{"$nulls":65},{"$f":"SUM(AI43:CG43)","v":{"v":0,"d":"0.000"}},{"$f":"SUM(Z43*CH43)","v":{"v":0,"d":"0.00"}}]
["масло растительное",null,null,{"v":185,"d":"185.00"},"кг",0.005,{"$nulls":11},0.005,{"$f":"R44*H$19","v":{"v":0.14,"d":"0.140"}},{"v":25.900000000000002,"d":"25.90"},{"$nulls":65},{"$f":"SUM(AI44:CG44)","v":{"v":0,"d":"0.000"}},{"$f":"SUM(Z44*CH44)","v":{"v":0,"d":"0.00"}}]
["Итого",{"$nulls":16},{"$f":"SUM(R30:R44)","v":0.658},{"$f":"SUM(S30:S44)","v":{"v":18.424000000000003,"d":"18.424"}},{"$f":"SUM(T30:T44)","v":2217.74}]
[]
[]
["Бухгалтер ",null,"____________",null,"______________________________",{"$nulls":3},"Повар","_____________","Кенесариева Э.Д.",null,null,"Кладовщик",null,"Хамзаева Э.Д."]